[Event "WJun"]
[Site "Yerevan ARM"]
[Date "2007.10.04"]
[Round "2"]
[White "Adly,A"]
[Black "Vovk,I"]
[Result "1-0"]
[WhiteElo "2494"]
[BlackElo "2304"]

1.Nf3 d5 2.g3 Nf6 3.Bg2 g6 4.c4 c6 5.b3 Bg7 6.Bb2 O-O 7.O-O Bg4 8.d3 Nbd7
9.Nbd2 Re8 10.Qc2 e5 11.e4 dxe4 12.dxe4 Bf8 13.h3 Bxf3 14.Nxf3 Qc7 15.Rad1 a5
16.Bc3 Nc5 17.Rfe1 Nfd7 18.h4 b5 19.cxb5 cxb5 20.Ba1 Ra6 21.Bh3 Rc6 22.Bxd7 Nxd7
23.Qd3 Nf6 24.Qxb5 Ng4 25.Kg2 Ree6 26.Rd5 Rc2 27.Re2 h5 28.Qd3 Rxe2 29.Qxe2 Bg7
30.Qd2 a4 31.Rd8+ Bf8 32.Bc3 Rc6 33.Ba5 Qa7 34.Bb4 axb3 35.Rxf8+ Kg7 36.Rg8+ Kxg8
37.Qd8+ Kg7 38.Bf8+  1-0

[Event "WJun Girls"]
[Site "Yerevan ARM"]
[Date "2007.10.04"]
[Round "2"]
[White "Nebolsina,V"]
[Black "Gasik,An"]
[Result "1-0"]
[WhiteElo "2349"]
[BlackElo "2191"]

1.Nf3 d5 2.g3 Nf6 3.Bg2 c6 4.O-O Bg4 5.c4 Nbd7 6.cxd5 cxd5 7.d4 e6 8.Nc3 Bd6
9.a4 O-O 10.a5 Bb4 11.Qa4 Bxc3 12.bxc3 Rc8 13.Ba3 Re8 14.Rfb1 b6 15.Bb4 Ne4
16.Rc1 Bxf3 17.exf3 Nd2 18.f4 Nf6 19.axb6 axb6 20.Qd1 Nc4 21.Bf1 Ne4 22.Ra7 Ned6
23.Rca1 Rc7 24.Bd3 g6 25.R7a2 Qd7 26.h4 Rec8 27.h5 Ne4 28.Qe2 Ncd6 29.h6 Nxc3
30.Qe5 Ne8 31.Ra8 f6 32.Qe1 Ne4 33.R8a6 N4d6 34.Qb1 Kf7 35.Rxb6 Nc4 36.Rba6 Rb7
37.Qe1 Rcb8 38.Bc5 Rb3 39.Bc2 Rb2 40.Ba4 Qc8 41.Rc6 Nc7 42.Rc1 R8b7 43.Bd6 R2b6
44.Bc5 Ra6 45.Ra1 Nb2 46.Rxa6 Nxa6 47.Be8+ Qxe8 48.Rxa6 Nc4 49.Qa1 Qb5 50.Kh2 Nd2
51.Ra8 g5 52.Qd1 Kg6 53.Rg8+ Kxh6 54.Bf8+  1-0

[Event "KNSB TCh-NED 2007-8"]
[Site "Netherlands NED"]
[Date "2007.10.06"]
[Round "2"]
[White "Carlier,B"]
[Black "Blokhuis,J"]
[Result "1-0"]
[WhiteElo "2398"]
[BlackElo "2356"]

1.Nf3 d5 2.g3 c6 3.Bg2 Bg4 4.c4 e6 5.Qb3 Qb6 6.d4 Nd7 7.Nc3 Ngf6 8.O-O Qxb3
9.axb3 Bd6 10.c5 Bxf3 11.Bxf3 Bc7 12.b4 e5 13.e3 O-O 14.b5 a6 15.b6 Bd8 16.b4 Be7
17.Bg2 e4 18.Bd2 Rfe8 19.Na2 Bf8 20.Nc1 Re7 21.Nb3 Rae8 22.Na5 Nb8 23.Rfb1 g6
24.Bf1 h5 25.Nxb7 Rxb7 26.Bxa6 Nxa6 27.Rxa6 Nd7 28.b5 Nb8 29.Ra7 Ree7 30.Ra8 cxb5
31.Rxb5 Re6 32.Rb3 Nc6 33.Rba3 Kg7 34.Rc8 Ne7 35.Rc7 Rxc7 36.bxc7 Rc6 37.Ba5  1-0

[Event "IRT Salomao Rovedo"]
[Site "Rio de Janeiro BRA"]
[Date "2007.10.06"]
[Round "7"]
[White "Rocha,Joa"]
[Black "Rabelo,D"]
[Result "1/2-1/2"]
[WhiteElo "2005"]
[BlackElo "1945"]

1.Nf3 d5 2.g3 Nc6 3.Bg2 e5 4.O-O Nf6 5.b3 Bc5 6.Bb2 Qe7 7.d3 h6 8.Nbd2 O-O
9.e4 dxe4 10.Nxe4 Nxe4 11.dxe4 Bg4 12.h3 Bxf3 13.Qxf3 Rad8 14.Rad1 Rxd1 15.Rxd1 Rd8
16.Rd5 Rxd5 17.exd5  1/2-1/2

[Event "TCh-BEL 2007-8"]
[Site "Belgium BEL"]
[Date "2007.10.07"]
[Round "1"]
[White "Mroczek,M"]
[Black "Cnossen,W"]
[Result "1-0"]
[WhiteElo "2140"]
[BlackElo "2145"]

1.Nf3 d5 2.g3 Bg4 3.Bg2 Nd7 4.c4 dxc4 5.Qc2 c6 6.Na3 Bxf3 7.Bxf3 Ne5 8.Bg2 Qd4
9.f4 e6 10.Rb1 Bc5 11.Rf1 Ng4 12.h3 N4f6 13.b4 cxb3 14.Rxb3 O-O-O 15.Bb2 Qd6
16.Nc4 Qe7 17.Na5 Bb6 18.Bxc6 bxc6 19.Nxc6  1-0

[Event "FSIM October"]
[Site "Budapest HUN"]
[Date "2007.10.10"]
[Round "5"]
[White "Paschall,W"]
[Black "Pitl,G"]
[Result "1/2-1/2"]
[WhiteElo "2352"]
[BlackElo "2403"]

1.Nf3 d5 2.g3 Nf6 3.Bg2 c6 4.O-O Bf5 5.d3 h6 6.b3 e6 7.Bb2 Be7 8.Nbd2 O-O
9.e3 Bh7 10.Qe2 Nbd7 11.e4 dxe4 12.dxe4 Nc5 13.Ne5 a5 14.a3 Qb6 15.Kh1 Rfd8
16.f3 Qc7 17.Rfd1  1/2-1/2

[Event "Open"]
[Site "Corfu GRE"]
[Date "2007.10.10"]
[Round "9"]
[White "Georgiadis,A"]
[Black "Agistriotis,M"]
[Result "1/2-1/2"]
[WhiteElo "1882"]
[BlackElo "2069"]

1.Nf3 d5 2.g3 c6 3.Bg2 Bf5 4.O-O Nf6 5.d3 e6 6.Nbd2 Be7 7.h3 h6 8.c4 O-O
9.b3 Nbd7 10.Bb2 Qa5 11.Qc2 Ba3 12.Bc3 Bb4 13.Bb2 Ba3 14.Bc3 Bb4 15.Bb2 Ba3  1/2-1/2

[Event "USCL 2007"]
[Site "ICC INT"]
[Date "2007.10.10"]
[Round "7"]
[White "Mikhailuk,S"]
[Black "Zaremba,An"]
[Result "1-0"]
[WhiteElo "2446"]
[BlackElo "2321"]

1.Nf3 d5 2.g3 Nf6 3.Bg2 c6 4.d4 Bf5 5.O-O e6 6.c4 Nbd7 7.b3 h6 8.Nc3 Be7
9.Bf4 O-O 10.c5 Ne4 11.Nxe4 Bxe4 12.b4 g5 13.Be3 Bf6 14.Qd2 Bg7 15.Ne1 Bxg2
16.Nxg2 e5 17.f4 exf4 18.gxf4 Nf6 19.fxg5 Ne4 20.Qc2 hxg5 21.Rf5 Qd7 22.Raf1 f6
23.a4 Qe8 24.Qd3 Qh5 25.Bf2 Rae8 26.Be1 Re6 27.Qf3 Qe8 28.Qg4 Kf7 29.R1f3 Ke7
30.b5 Rh8 31.Rb3 Qc8 32.Nf4 Kf7 33.Nxe6 Qxe6 34.h3 Bf8 35.bxc6 bxc6 36.Rff3 Be7
37.Rb7 a5 38.Qxe6+ Kxe6 39.Rc7 f5 40.Rxc6+ Kd7 41.Ra6 f4 42.Rb3 Bf6 43.Rb7+ Kc8
44.c6 Bxd4+ 45.Kg2  1-0

[Event "WJun"]
[Site "Yerevan ARM"]
[Date "2007.10.13"]
[Round "10"]
[White "Adly,A"]
[Black "Popov,Iv RUS"]
[Result "0-1"]
[WhiteElo "2494"]
[BlackElo "2539"]

1.Nf3 d5 2.g3 Nc6 3.d4 Bf5 4.Bg2 Nb4 5.Na3 e6 6.O-O Be7 7.c4 c6 8.Bd2 a5
9.c5 b6 10.cxb6 Qxb6 11.Qa4 Rc8 12.Rfc1 Be4 13.Nb1 Bxf3 14.Bxf3 Bd8 15.Be1 Ne7
16.Nd2 Qb5 17.Qd1 c5 18.dxc5 Rxc5 19.Rxc5 Qxc5 20.Nb3 Qa7 21.e4 dxe4 22.Bxe4 O-O
23.a3 Nbd5 24.Rc1 Bb6 25.Rc4 Rd8 26.Qc2 Nf6 27.Bf3 Nf5 28.Ra4 Qd7 29.Qc6 Qxc6
30.Bxc6 Rd1 31.Kf1 h5 32.Ke2 Rb1 33.Bc3 Ne7 34.Nd2 Rc1 35.Bf3 Nf5 36.h3 Nd7
37.Rc4 Nd6 38.Rc6 Nb5 39.Nc4 Nxc3+ 40.Kd2 Rf1 41.bxc3 Rxf2+ 42.Be2 Bc5 43.Rc7 Nf6
44.Rc8+ Bf8 45.Nxa5 g5 46.a4 Kg7 47.Nb7 Nd5 48.a5 h4 49.a6 hxg3 50.a7 Nf4
51.a8=Q Rxe2+ 52.Kd1 g2 53.Qa7 Ra2 54.Qd4+ Kg6 55.Rxf8 g1=Q+ 56.Qxg1 Ra1+
57.Kc2 Rxg1 58.Nd6 Rg2+ 59.Kb3 f5 60.c4 Rg3+ 61.Kb4 Rxh3 62.c5 g4 63.Kc4 Nd5
64.Kd4 Ne7 65.Re8 Nc6+ 66.Kc4 Kf6 67.Rf8+ Ke5 68.Rc8 g3 69.Rg8 Kf4 70.Kb5 Nd4+
71.Kc4 e5 72.Kd5 Rh4 73.Rxg3 Kxg3 74.Kxe5 Nc6+ 75.Kxf5 Rh5+ 76.Ke6 Kf4 77.Nb7 Ke4
78.Kd6 Rh6+ 79.Kc7 Kd5 80.Kb6 Nd8+ 81.Nd6 Nf7  0-1

[Event "WJun"]
[Site "Yerevan ARM"]
[Date "2007.10.13"]
[Round "10"]
[White "Garcia Cardenas,P"]
[Black "Ibarra Chami,L"]
[Result "0-1"]
[WhiteElo "2200"]
[BlackElo "2416"]

1.Nf3 d5 2.g3 Bg4 3.Bg2 Nd7 4.d4 c6 5.O-O e6 6.Bf4 f6 7.Nbd2 g5 8.Be3 Ne7
9.h3 Bh5 10.Bxg5 fxg5 11.Nxg5 Bf7 12.e4 Bg8 13.Re1 Qb6 14.exd5 cxd5 15.Qh5+ Ng6
16.Bxd5 Nf6 17.Qf3 Nxd5 18.Qxd5 Rd8 19.Qf5 Be7 20.Nxe6 Bxe6 21.Rxe6 Qxd4
22.Rae1 Rd5 23.Nb3 Rxf5 24.Nxd4 Rd5 25.R6e4 Kf7 26.Nf3 Bf6 27.Rb4 Rd7 28.Kg2 Rc8
29.Re2 Rc5 30.Ne1 Ne5 31.Rb3 Nc6 32.Rd3 Rxd3 33.Nxd3 Rd5 34.Re4 Rd8 35.Kf1 Nd4
36.c3 Nf3 37.Ke2 Ng1+ 38.Ke3 Nxh3 39.f4 Rxd3+ 40.Kxd3 Nf2+ 41.Ke3 Nxe4 42.Kxe4 Ke6
43.g4 h6 44.Kd3 Kd5 45.a3 a5 46.b3 b5 47.a4 bxa4 48.bxa4 Kc5 49.Ke4 Bxc3
50.Kf5 Bd2  0-1

[Event "IV Amateur Open"]
[Site "Calvia ESP"]
[Date "2007.10.14"]
[Round "9"]
[White "Pont Mulet,A"]
[Black "Suslin,A"]
[Result "0-1"]
[WhiteElo "2205"]
[BlackElo "2144"]

1.Nf3 d5 2.g3 c5 3.Bg2 Nc6 4.d4 e6 5.O-O Nf6 6.c4 dxc4 7.Qa4 Qa5 8.Qxa5 Nxa5
9.Na3 cxd4 10.Nb5 Nd5 11.Nfxd4 a6 12.e4 axb5 13.exd5 Bd7 14.Re1 Bb4 15.Re2 O-O
16.dxe6 fxe6 17.Bf4 Ra6 18.Rd1 Rf7 19.Bh3 e5 20.Bxd7 Rxd7 21.Rxe5 Nc6 22.Rxb5 Rxa2
23.Kg2 Rxb2 24.Nxc6 Rxd1 25.Nxb4 Rdb1 26.Bd6 Rd2 27.Be5 Rd7 28.Bc3 Rb3 29.Na2  0-1

[Event "Open"]
[Site "Hoogeveen NED"]
[Date "2007.10.14"]
[Round "3"]
[White "Haub,TM"]
[Black "Werle,J"]
[Result "0-1"]
[WhiteElo "2469"]
[BlackElo "2568"]

1.Nf3 d5 2.g3 g6 3.d3 Bg7 4.Nbd2 e5 5.Bg2 Ne7 6.e4 Nbc6 7.O-O O-O 8.c3 a5
9.a4 h6 10.exd5 Nxd5 11.Re1 Re8 12.Nc4 Bf5 13.Nh4 Be6 14.Nf3 Bf5 15.Nh4 Be6
16.Nf3 f6 17.Nfd2 Qd7 18.Ne4 b6 19.Ne3 f5 20.Nd2 Rad8 21.Nc2 Nde7 22.Bf1 g5
23.Be2 g4 24.Ne3 Ng6 25.f3 h5 26.Ng2 Rf8 27.Nf1 f4 28.Nd2 Nce7 29.Ne4 Nd5
30.Ng5 Bf5 31.gxf4 exf4 32.Ne4 c5 33.Nf2 g3 34.Ne4 Bxe4 35.fxe4 Qh3 36.Bf3 Qxh2+
37.Kf1 Ne3+  0-1

[Event "TCh-ROU Superliga"]
[Site "Predeal ROU"]
[Date "2007.10.14"]
[Round "2"]
[White "Suciu,DS"]
[Black "Szabo,G ROM"]
[Result "0-1"]
[WhiteElo "2211"]
[BlackElo "2518"]

1.Nf3 d5 2.g3 Nc6 3.d4 Bg4 4.Nbd2 f6 5.h3 Bh5 6.Bg2 e5 7.dxe5 fxe5 8.c3 e4
9.Nd4 Nxd4 10.cxd4 e3 11.fxe3 Bd6 12.Nf1 Qg5 13.Qa4+ c6 14.g4 Bg6 15.Bd2 Qh4+
16.Kd1 Nf6 17.Be1 Qg5 18.Bf3 Be4 19.Qb3 O-O-O 20.Rc1 h5 21.h4 Qg6 22.g5 Ng4
23.Ng3 Rde8 24.Nxe4 Rxe4 25.Bxe4 Qxe4 26.Rh3 Re8 27.Qd3 Nxe3+ 28.Rxe3 Qxe3
29.Qxe3 Rxe3 30.Rc3 Rxc3 31.bxc3 Kd7 32.Kd2 Ke6 33.Ke3 Kf5 34.Kf3 b5 35.Bd2 Ba3  0-1

[Event "WJun"]
[Site "Yerevan ARM"]
[Date "2007.10.16"]
[Round "13"]
[White "Amin,B"]
[Black "Pashikian,A"]
[Result "1/2-1/2"]
[WhiteElo "2561"]
[BlackElo "2534"]

1.Nf3 d5 2.g3 c6 3.Bg2 Nf6 4.O-O Bg4 5.d3 e6 6.Nbd2 Be7 7.e4 O-O 8.h3 Bh5
9.g4 Bg6 10.Ne5 dxe4 11.dxe4 Nbd7 12.Nxd7 Nxd7 13.f4 f6 14.Kh1 Qc7 15.Qe2 Rad8
16.Nb3 Nc5 17.Bd2 Bf7 18.Rae1 Na4 19.Bc1 c5 20.Nd2 Be8 21.f5 Bc6 22.fxe6 Qe5
23.Nc4 Qxe6 24.Ne3 Bd6 25.Nf5 Bb8 26.g5 Rde8 27.Qg4 fxg5 28.Bxg5 h5 29.Qxh5 g6
30.Qg4 Rxf5 31.exf5 Qxe1 32.Qc4+ Kg7 33.f6+ Kh8 34.Bxc6 Qg3 35.Bf4 Qxh3+
36.Kg1 bxc6 37.f7 Qg4+ 38.Kh1 Qh5+ 39.Kg1 Qg4+ 40.Kh1 Qh5+ 41.Kg1 Qg4+  1/2-1/2

[Event "IV Open"]
[Site "Calvia ESP"]
[Date "2007.10.20"]
[Round "6"]
[White "Karlsson,L"]
[Black "Kuzubov,Y"]
[Result "0-1"]
[WhiteElo "2485"]
[BlackElo "2582"]

1.g3 d5 2.Nf3 g6 3.Bg2 Bg7 4.O-O Nf6 5.c4 O-O 6.cxd5 Nxd5 7.Nc3 c5 8.d3 Nxc3
9.bxc3 Nc6 10.Qc2 b6 11.Bb2 Qc7 12.c4 Bxb2 13.Qxb2 Bd7 14.Ng5 Rad8 15.f4 Nd4
16.e3 Nf5 17.Qf2 Ng7 18.Ne4 Bc6 19.Rfd1 Rd7 20.Nc3 Rfd8 21.Bxc6 Qxc6 22.Qe2 Nf5
23.a4 Qe6 24.Kf2 Nh6 25.e4 Qh3 26.Kg1 Ng4 27.Ra2 h5 28.e5 Rd4 29.Nd5 Kf8
30.Qf3 Nh6 31.Rb2 h4 32.Qg2 Qxg2+ 33.Kxg2 Nf5 34.Kf2 hxg3+ 35.hxg3 Kg7 36.a5 Rh8
37.Kg1 Nxg3 38.Kg2 Nf5 39.axb6 axb6 40.Rxb6 e6 41.Re1 exd5 42.e6 Rxd3 43.Rb7 Rd2+
44.Kg1 Ng3 45.Rxf7+ Kg8 46.Rf6  0-1

[Event "IV Veterans"]
[Site "Calvia ESP"]
[Date "2007.10.21"]
[Round "7"]
[White "Alonso Perez,J"]
[Black "Zoltek,T"]
[Result "0-1"]
[WhiteElo "2041"]
[BlackElo "2223"]

1.Nf3 d5 2.g3 Nf6 3.Bg2 c6 4.O-O Bf5 5.d3 e6 6.Nbd2 Be7 7.c3 h6 8.Qc2 Nbd7
9.e4 Bh7 10.h3 Qc7 11.Ne1 Nc5 12.b4 Ncd7 13.Qb3 O-O 14.Bb2 Rad8 15.c4 dxe4
16.Nxe4 Nxe4 17.dxe4 Bf6 18.Nd3 Bxb2 19.Qxb2 Nf6 20.Qe2 Rd4 21.Nc5 e5 22.Nb3 Rd7
23.Rfd1 Rfd8 24.f3 b6 25.h4 Kf8 26.Bh3 Rxd1+ 27.Rxd1 Ke7 28.Kf2 Rxd1 29.Qxd1 Qd6
30.Qxd6+ Kxd6 31.c5+ Kc7 32.g4 Bg8 33.Ke3 Nh7 34.Bf1 f6 35.Nc1 Nf8 36.a3 bxc5
37.bxc5 Nd7 38.Nd3 Bc4 39.f4 Bxd3 40.Bxd3 Nxc5 41.Bc4 Kb6 42.g5 Nb7 43.fxe5 fxe5
44.gxh6 gxh6 45.Kf3 Nd6 46.Be6 Ne8 47.Bf7 Nf6 48.Ke3 Kb5 49.Bb3 c5 50.Kd3 Ne8
51.Ke3 c4 52.Bc2 Kc5 53.Kf3 Kd4 54.Kg4 Ng7 55.Kf3 Kc3 56.Ba4 Kd2  0-1

[Event "TCh-ROU Superliga"]
[Site "Predeal ROU"]
[Date "2007.10.21"]
[Round "9"]
[White "Szabo,G ROM"]
[Black "Murariu,A"]
[Result "1/2-1/2"]
[WhiteElo "2518"]
[BlackElo "2503"]

1.Nf3 d5 2.g3 Nf6 3.Bg2 e6 4.d4 Be7 5.c4 O-O 6.Qc2 dxc4 7.Qxc4 Nc6 8.O-O Bd7
9.Nc3 Na5 10.Qd3 c5 11.dxc5  1/2-1/2

[Event "Bundesliga 2007-8"]
[Site "Wattenscheid GER"]
[Date "2007.10.21"]
[Round "2"]
[White "Hausrath,D"]
[Black "Wegerle,J"]
[Result "1/2-1/2"]
[WhiteElo "2499"]
[BlackElo "2413"]

1.Nf3 d5 2.g3 Bg4 3.Bg2 c6 4.c4 e6 5.O-O Nd7 6.cxd5 cxd5 7.Nc3 Ngf6 8.Qb3 Qb6
9.Qxb6 Nxb6 10.Ne5 Bh5 11.Nb5 Kd8 12.Bf3 Nbd7 13.d4 Nxe5 14.dxe5 Bxf3 15.exf3 Nd7
16.Re1 h6 17.f4 a6 18.Nd4 Bc5 19.Nb3 Ke7 20.Bd2 b6 21.Rad1 Rhc8 22.Kg2  1/2-1/2

[Event "Bundesliga 2007-8"]
[Site "Wattenscheid GER"]
[Date "2007.10.21"]
[Round "2"]
[White "Siebrecht,S"]
[Black "Handke,F"]
[Result "1/2-1/2"]
[WhiteElo "2481"]
[BlackElo "2497"]

1.Nf3 d5 2.g3 Bg4 3.Bg2 Nd7 4.c4 e6 5.d4 c6 6.Nbd2 Ngf6 7.O-O Bd6 8.Re1 O-O
9.b3 Bb4 10.Bb2 Bxf3 11.exf3 dxc4 12.bxc4 c5 13.Re2 cxd4 14.Bxd4 e5 15.Bb2 Rc8
16.Rc1 Nc5 17.Bxe5 Nd3 18.Rb1 Nxe5 19.Rxb4 Nxc4 20.Rxb7 Qd6 21.Qe1 Qa3 22.Nb1 Qa6
23.f4 Nd6 24.Rb3 Rce8 25.Nc3 h6 26.h3 Rd8 27.Re5 Nc4 28.Rc5 Nb6 29.Qc1 Qd3
30.Nd5 Qe2 31.Nxf6+ gxf6 32.Bf3 Qxa2 33.Ra3 Qd2 34.Rxa7 Qxc1+ 35.Rxc1 Rd7
36.Ra6 Rd6 37.Rc6 Rxc6 38.Bxc6 Nc8 39.Bd7 Kg7 40.Kg2 Ne7 41.Kf3 Ng6 42.Ra7 Ne7
43.Kg4 Rb8 44.Kh5 Rb2 45.Be6 Kf8 46.Ra8+ Kg7 47.Ra7 Kf8 48.Ba2 Rb5+ 49.Kg4 Rb2
50.Kf3 Rc2 51.f5 Rc8 52.g4 h5 53.h4 Rc3+ 54.Kf4 hxg4 55.Kxg4 Rc1 56.Ra8+ Kg7
57.Ra7 Kf8 58.Ra8+ Kg7 59.Ra7 Kf8  1/2-1/2

[Event "Open A"]
[Site "Arco di Trento ITA"]
[Date "2007.10.22"]
[Round "3"]
[White "Wagner,Frank"]
[Black "Savarese,V"]
[Result "1-0"]
[WhiteElo "1961"]
[BlackElo "1859"]

1.Nf3 d5 2.g3 Nf6 3.Bg2 Nc6 4.O-O e5 5.d3 Be7 6.Nbd2 O-O 7.c4 Re8 8.cxd5 Nxd5
9.Nc4 Bf8 10.a3 a5 11.Bg5 f6 12.Bd2 a4 13.b4 Nd4 14.Nxd4 exd4 15.Na5 Nb6
16.Nxb7 Qd7 17.Nc5 Bxc5 18.bxc5 Nd5 19.Re1 Rb8 20.Qc2 Rb3 21.Qc4 c6 22.Qxd4 Qg4
23.e4 Be6 24.f3 Qg6 25.exd5 Rxd3 26.Qf2 Rxd5 27.f4 Qc2  1-0

[Event "33rd Fortis Open"]
[Site "Guernsey GCI"]
[Date "2007.10.24"]
[Round "4"]
[White "Gravett,A"]
[Black "Pickersgill,A"]
[Result "0-1"]
[WhiteElo "1961"]
[BlackElo "2088"]

1.g3 d5 2.Nf3 Bg4 3.Bg2 c6 4.O-O Nf6 5.c4 e6 6.cxd5 exd5 7.Ne5 Bf5 8.d3 Bd6
9.e4 Bxe5 10.exf5 O-O 11.d4 Bd6 12.g4 Qc7 13.g5 Bxh2+ 14.Kh1 Ne4 15.Bxe4 dxe4
16.Qg4 Re8 17.g6 fxg6 18.fxg6 hxg6 19.Qxg6 Nd7 20.Nc3 Nf8 21.Qg2 Bf4 22.Nxe4 Re6
23.Ng5 Rh6+ 24.Nh3 Ng6 25.Kg1 Bxc1 26.Raxc1 Nh4 27.Qe4 Qd7 28.Kh2 Re8 29.Qd3 Qg4
30.Qg3 Nf3+ 31.Kg2 Qe4  0-1

[Event "Open A"]
[Site "Arco di Trento ITA"]
[Date "2007.10.25"]
[Round "6"]
[White "Perich,S"]
[Black "Buck,K1"]
[Result "1/2-1/2"]
[WhiteElo "1995"]
[BlackElo "1793"]

1.Nf3 d5 2.g3 Nc6 3.Bg2 Nf6 4.O-O e6 5.d3 Be7 6.Nbd2 O-O 7.c3 h6 8.Qc2 Bd6
9.e4 dxe4 10.dxe4 e5 11.Nc4 Be6 12.Nxd6 cxd6 13.h3 Re8 14.Rd1 Qc7 15.Ne1 Rad8
16.Be3 Qc8 17.Kh2 a6 18.Bb6 Rd7 19.f4 exf4 20.gxf4 Rde7 21.Rxd6 Bd7 22.e5 Bf5
23.Qe2 Nd7 24.Bf2 Ndxe5 25.fxe5 Nxe5 26.Qf1 Nc4 27.Rd5 Nxb2 28.Bh4 Re5 29.Bg3 Rxd5
30.Bxd5 b5  1/2-1/2

[Event "ch-Euro Blitz"]
[Site "Ajaccio FRA"]
[Date "2007.10.26"]
[Round "31"]
[White "Riff,JN"]
[Black "Prie,E"]
[Result "1/2-1/2"]
[WhiteElo "2474"]
[BlackElo "2532"]

1.Nf3 d5 2.g3 Bg4 3.Bg2 Nd7 4.O-O e6 5.d3 Bd6 6.Nbd2 Ne7 7.e4 O-O 8.Qe1 c5
9.h3 Bh5 10.b3 Nc6 11.Bb2 Nb4 12.Qc1 f6 13.Re1 Kh8 14.a3 Nc6 15.exd5 exd5
16.Nh4 Bf7 17.Nf5 Be5 18.f4 Bxb2 19.Qxb2 Nb6 20.Nf3 Qd7 21.g4 d4 22.c4 dxc3
23.Qxc3 Nd5 24.Qxc5 Nxf4 25.Rad1 Bxb3 26.Rd2 Nxg2 27.Kxg2 Bd5 28.Nd6 Bxf3+
29.Kxf3 Rad8 30.Nf5 Ne5+ 31.Kg3 Nxd3 32.Qc3 Qb5 33.Re7 Ne5 34.Rxg7 Qf1 35.Rxh7+ Kxh7
36.Qc7+ Rf7 37.Qxd8 Qg1+ 38.Kf4 Ng6+ 39.Ke4 Qh1+ 40.Kd4 Qc6 41.Ke3 Qc5+ 42.Rd4 Qc3+
43.Rd3 Qc5+ 44.Kf3 Qc6+ 45.Qd5 Ne5+ 46.Ke4 Nxd3 47.Qxc6 Nf2+ 48.Kf3 bxc6
49.Kxf2 Rb7 50.Nd4 c5 51.Ne6 c4 52.Ke3 Rb3+ 53.Kd4 Rxa3 54.h4 c3 55.Kd3 Kg6
56.Nf4+ Kh6 57.Nd5 Kg7 58.Kc2 Ra4 59.Ne3 Re4 60.Nf5+ Kh7 61.g5 Re5 62.Nd4 fxg5
63.hxg5 Rc5 64.Ne6 Rc8 65.Nf4 a5 66.Nd5 Kg7 67.Nb6 Rc6 68.Nd5 a4 69.Nb4 Rc4
70.Na2 Kg6 71.Nxc3 a3 72.Kb3 Rxc3+ 73.Kxc3 Kxg5 74.Kd4  1/2-1/2

[Event "Open A"]
[Site "Arco di Trento ITA"]
[Date "2007.10.26"]
[Round "7"]
[White "Ager,J"]
[Black "Prakken,G"]
[Result "1/2-1/2"]
[WhiteElo "2188"]
[BlackElo "2217"]

1.g3 d5 2.Nf3 Nf6 3.Bg2 e6 4.O-O Be7 5.c4 O-O 6.d4 Nbd7 7.Qc2 c6 8.Nbd2 b6
9.Rd1 Ba6 10.b3 Rc8 11.e4 c5 12.exd5 exd5 13.Nf1 dxc4 14.d5 Ne8 15.bxc4 Nd6
16.Ne3 Bf6 17.Rb1 b5 18.Bf1 Rb8 19.Bd2 Re8 20.Rb3 bxc4 21.Nxc4 Bxc4 22.Bxc4 Nxc4
23.Rxb8 Qxb8  1/2-1/2

[Event "33rd Fortis Open"]
[Site "Guernsey GCI"]
[Date "2007.10.26"]
[Round "6"]
[White "Hickman,J"]
[Black "Collier,D"]
[Result "0-1"]
[WhiteElo "2002"]
[BlackElo "2131"]

1.Nf3 d5 2.g3 c5 3.Bg2 Nc6 4.O-O Bg4 5.d3 Qd7 6.Nbd2 Bh3 7.e4 Bxg2 8.Kxg2 O-O-O
9.exd5 Qxd5 10.Ne4 e6 11.Be3 Nf6 12.Nc3 Qd7 13.a3 Ng4 14.Ne4 f5 15.Nc3 Nxe3+
16.fxe3 Be7 17.b4 cxb4 18.axb4 Bxb4 19.Nb5 a6 20.Na3 Bxa3 21.Rxa3 e5 22.Qa1 Rhe8
23.Nd2 Kc7 24.Nc4 Rb8 25.Qb2 b5 26.Na5 Nxa5 27.Rxa5 Rb6 28.Qa2 g6 29.Kg1 Ree6
30.Ra1 Kb7 31.Qb3 Qc6 32.c3 Qc5 33.d4 exd4 34.cxd4 Qc4 35.Qxc4 bxc4 36.Rc5 Rxe3
37.Rxc4 Re7 38.Rca4 Rd7 39.Kg2 Rbd6 40.Kh3 Re7 41.d5 Re4 42.Ra5 Rd4 43.Rb1+ Rb6
44.Re1 Rd6 45.Rb1+ Rb6 46.Re1 Re4 47.Rea1 g5 48.R1a2 Reb4 49.Rf2 Rf6 50.Rc5 Rb5
51.Rxb5+ axb5 52.Re2 Kb6 53.Re7 Kc5 54.Rxh7 Kxd5 55.Rb7 Kc4 56.Kg2 g4 57.Kf2 Rc6
58.h4 gxh3 59.Rh7 b4 60.Rxh3 b3 61.Rh8 Rb6  0-1

[Event "Open A"]
[Site "Arco di Trento ITA"]
[Date "2007.10.27"]
[Round "8"]
[White "Dittmar,P"]
[Black "De Napoli,G"]
[Result "1-0"]
[WhiteElo "2318"]
[BlackElo "2033"]

1.Nf3 d5 2.g3 Nf6 3.Bg2 e6 4.O-O Be7 5.c4 O-O 6.d4 c6 7.Qc2 Nbd7 8.Nbd2 b6
9.e4 dxe4 10.Nxe4 Bb7 11.Rd1 Nxe4 12.Qxe4 Qc7 13.Bf4 Bd6 14.Bxd6 Qxd6 15.c5 Qd5
16.Qf4 Nf6 17.Ne5 Qd8 18.Nxc6 Qe8 19.Qd6 Nd5 20.Bxd5 exd5 21.Ne7+  1-0

[Event "ETCC w"]
[Site "Crete GRE"]
[Date "2007.10.28"]
[Round "1"]
[White "Bashkite,V"]
[Black "Rozic,V"]
[Result "0-1"]
[WhiteElo "2193"]
[BlackElo "2277"]

1.Nf3 d5 2.g3 Nf6 3.Bg2 c6 4.O-O Bg4 5.c4 Nbd7 6.b3 e6 7.Bb2 Bd6 8.d3 O-O
9.Nbd2 Qe7 10.Qc2 e5 11.h3 Bh5 12.e4 dxe4 13.Nxe4 Nxe4 14.dxe4 Ba3 15.Bxa3 Qxa3
16.g4 Bg6 17.Rad1 Qe7 18.Nh4 Nc5 19.Nf5 Qc7 20.b4 Ne6 21.c5 Rad8 22.Qc4 Nf4
23.a4 Bxf5 24.exf5 Rxd1 25.Rxd1 Rd8 26.Qc2 Rd7 27.Kh2 Qd8 28.Bf3 Rxd1 29.Qxd1 Qxd1
30.Bxd1 Nd3 31.b5 cxb5 32.axb5 Nxc5 33.Bf3 h6 34.Bd5 Kf8 35.Kg3 Ke7 36.Kf3 f6
37.h4 Kd6 38.Bc4 a5 39.bxa6 bxa6 40.g5 hxg5 41.hxg5 a5 42.Ke3 Nd7 43.f3 Kc5
44.Ba2 Nb6 45.Ke4 Nc4 46.Kd3 Nd6 47.Be6 Kb4 48.Kc2 a4 49.Kb2 Nb5 50.Bd5 a3+
51.Kc2 Nd4+ 52.Kd3 Nxf5  0-1

[Event "IV Festival"]
[Site "Figueira da Foz POR"]
[Date "2007.10.28"]
[Round "1"]
[White "Pinho,H"]
[Black "Dias,P"]
[Result "0-1"]
[WhiteElo "1813"]
[BlackElo "2443"]

1.Nf3 d5 2.g3 g6 3.Bg2 Bg7 4.c4 d4 5.d3 Nc6 6.O-O Nf6 7.Nbd2 O-O 8.Rb1 a5
9.a3 a4 10.b4 axb3 11.Qxb3 e5 12.Ng5 h6 13.Nge4 Nd7 14.f4 f5 15.Nf2 Re8 16.g4 Nc5
17.Qc2 fxg4 18.Nde4 Ne6 19.Nxg4 Rf8 20.fxe5 Rxf1+ 21.Bxf1 Nxe5 22.Nxe5 Bxe5
23.Rb5 c5 24.Qd2 g5 25.e3 dxe3 26.Qxe3 Bd4  0-1

[Event "ETCC w"]
[Site "Crete GRE"]
[Date "2007.10.29"]
[Round "2"]
[White "Drljevic,L"]
[Black "Kulovana,E"]
[Result "1/2-1/2"]
[WhiteElo "2270"]
[BlackElo "2305"]

1.Nf3 d5 2.g3 Bg4 3.Ne5 Bf5 4.Bg2 c6 5.d3 Nf6 6.Nd2 Nbd7 7.Nef3 e5 8.Nh4 Be6
9.e4 Bc5 10.O-O O-O 11.h3 a5 12.Qe2 Re8 13.Ndf3 Qc7 14.Ng5 Nf8 15.c3 Bc8
16.a3 a4 17.Rd1 h6 18.Ngf3 dxe4 19.dxe4 Be6 20.Nf5 Bb3 21.Re1 N8d7 22.Nh2 b5
23.Ng4 Bf8 24.h4 Kh7 25.h5 Rad8 26.Be3 Nxg4 27.Qxg4 Be6 28.Qh4 Nb6 29.g4 f6
30.Qg3 Nc4 31.Bc1 Bc5 32.Bf1 Rd7 33.Be2 Red8 34.Nh4 Qa7 35.Bxc4 Bxc4 36.Ng2 Rd3
37.Be3 Bb3 38.Qf3 Qd7 39.Qf5+ Qxf5 40.exf5 Bxe3 41.Nxe3 Rd2 42.Rab1 Bc2 43.Nxc2 Rxc2
44.Rec1 Rxc1+ 45.Rxc1 Rd2 46.Rb1 Rc2 47.Kg2 Kg8 48.Kf3 Kf7 49.Ke3 Ke7 50.f3 Ke8
51.Kd3 Rf2 52.Ke3  1/2-1/2

[Event "22nd GP Open A"]
[Site "Le Touquet FRA"]
[Date "2007.10.29"]
[Round "4"]
[White "Sorensen,B"]
[Black "Guilbert,J"]
[Result "1-0"]
[WhiteElo "2233"]
[BlackElo "2007"]

1.Nf3 d5 2.g3 c5 3.Bg2 Nc6 4.d4 cxd4 5.Nxd4 e5 6.Nxc6 bxc6 7.c4 Bb4+ 8.Nd2 Be6
9.Qa4 Qd6 10.O-O Ne7 11.cxd5 Bxd5 12.Bxd5 Nxd5 13.Nc4 Qc5 14.Nxe5 Rc8 15.a3 Ba5
16.Qg4  1-0

[Event "ETCC"]
[Site "Crete GRE"]
[Date "2007.11.01"]
[Round "5"]
[White "Keskinen,S"]
[Black "Buhmann,R"]
[Result "1/2-1/2"]
[WhiteElo "2298"]
[BlackElo "2567"]

1.Nf3 d5 2.g3 Nf6 3.Bg2 c6 4.O-O Bg4 5.h3 Bh5 6.d3 Nbd7 7.Nbd2 e5 8.e4 Bd6
9.g4 Bg6 10.Nh4 O-O 11.Nf5 Nc5 12.Re1 dxe4 13.dxe4 Bc7 14.Qf3 Ne6 15.Nf1 Bb6
16.N1g3 Nd7 17.h4 Bxf5 18.Nxf5 Kh8 19.g5 g6 20.Nh6 Qe7 21.Be3 f6 22.Qg4 Nf4
23.Rad1 Rad8 24.Rd2 Nc5 25.Red1 Rxd2 26.Rxd2 fxg5 27.Qxg5 Qxg5 28.hxg5 Nce6
29.Rd7 Nxg5 30.Rxb7 Bxe3 31.fxe3 Nxg2 32.Kxg2 Nxe4 33.Nf7+ Kg8 34.Nh6+  1/2-1/2

[Event "ETCC"]
[Site "Crete GRE"]
[Date "2007.11.01"]
[Round "5"]
[White "Roiz,M"]
[Black "Stellwagen,D"]
[Result "1-0"]
[WhiteElo "2644"]
[BlackElo "2639"]

1.Nf3 d5 2.g3 Nf6 3.Bg2 c6 4.O-O Bg4 5.c4 e6 6.Qb3 Qb6 7.Qc2 Nbd7 8.b3 Be7
9.d3 Bxf3 10.Bxf3 O-O 11.e3 a5 12.Nc3 Qa6 13.Be2 Rac8 14.d4 Qa7 15.Qb2 c5
16.Rd1 Rfd8 17.Bd2 Qb8 18.Rac1 b6 19.cxd5 cxd4 20.exd4 Nxd5 21.Nxd5 exd5
22.Bg4 Rxc1 23.Rxc1 Nf6 24.Bh3 Ne4 25.Bf4 Bd6 26.Be3 g6 27.Rc2 b5 28.Bg2 Qb7
29.Qc1 Qe7 30.Rc8 Rxc8 31.Qxc8+ Kg7 32.Qc6 Qc7 33.Qxb5 Nc3 34.Qd3 Nxa2 35.Bxd5 Nb4
36.Qe4 Qc2 37.Qh4 h5 38.Qg5 Nxd5 39.Qxd5 Be7 40.Kg2 Bf6 41.h3 a4 42.bxa4 Qxa4
43.Qd6 Qa8+ 44.d5 Qd8 45.Qc6 Qe7 46.d6 Qe6 47.Bc5 g5 48.Qb7 Qe5 49.Bb4 g4
50.hxg4 hxg4 51.d7 Bd8 52.Qa8 Qe6 53.Qxd8 Qe4+ 54.Kh2 Qh7+ 55.Qh4  1-0

[Event "I Joan Casals"]
[Site "Mao ESP"]
[Date "2007.11.01"]
[Round "9"]
[White "Movsziszian,K"]
[Black "Glud,J"]
[Result "1/2-1/2"]
[WhiteElo "2531"]
[BlackElo "2448"]

1.Nf3 d5 2.g3 c5 3.c4 Nf6 4.Bg2 Nc6 5.cxd5 Nxd5 6.d4 e6 7.O-O Be7 8.dxc5 O-O
9.a3 Bxc5 10.b4 Be7 11.e4 Nb6 12.Qe2 Nd4 13.Nxd4 Qxd4 14.Ra2 Qc4 15.Qxc4 Nxc4
16.Nd2 Ne5 17.Nf3 Nxf3+ 18.Bxf3 e5 19.Rc2 a5 20.Bd2 axb4 21.Bxb4 Bxb4 22.axb4 Bd7
23.Rc5 f6 24.Be2 Rfc8 25.Rfc1 Rxc5 26.Rxc5 Rc8 27.Bc4+ Kf8 28.Bd5 b6 29.Rxc8+ Bxc8
30.f4 Ke7 31.fxe5 fxe5 32.Kf2 Kf6 33.h4 g5 34.hxg5+ Kxg5 35.Bc4 Bb7 36.Kf3 Bc6
37.Be2 h5 38.Ke3 h4 39.gxh4+ Kxh4 40.Bc4 Kg3 41.Be2 Bd7 42.Bd3 Bc6  1/2-1/2